| 000 | 00769nam a22002177a 4500 | ||
|---|---|---|---|
| 999 |
_c16171 _d16171 |
||
| 003 | AR-CdUCM | ||
| 008 | 190502b ||||| |||| 00| 0 spa d | ||
| 040 |
_aMUNICIPALIDAD PROVINCIAL DEL CUSCO _cBIBLIOTECA MUNICIPAL DEL CUSCO |
||
| 041 | _heng | ||
| 082 |
_a320.94 / _bW4 |
||
| 100 |
_aWelles, Sumner _935459 |
||
| 245 | _aHora de decisión / | ||
| 260 |
_aBuenos Aires : _bEdit. Sudamericana, _c1944. |
||
| 300 |
_a496 páginas ; _c21 cm. |
||
| 505 | _aContenido: Lo que pudo haber sido -- Los años trágicos -- Mi misión en Europa: 1940 -- De la defensiva a la ofensiva... | ||
| 650 |
_aGuerra Mundial, 1914-1918 _927721 |
||
| 650 |
_aPolítica y gobierno _92693 |
||
| 650 |
_aRelaciones exteriores _94428 |
||
| 942 |
_2ddc _cLIBROS |
||
| 945 |
_adavv _d02/05/2019 |
||